000 00816nam a22002537a 4500
003 OSt
005 20220912114856.0
008 180411b xxu||||| |||| 00| 0 eng d
010 _a728769
020 _a0132074079
040 _aLB-BrCRDP
082 _a371.39445 H972d
100 _aKhateeb M. Hussain
245 _aDevelopment of information systems for education
_cKhateeb M. Hussain
260 _aNew Jersey
_bPrentice-hall, inc, englewood cliffs
_c1973
300 _a419p
_c23cm
650 _aAdministration scolaire
650 _a Information storage and retrieval systems
650 _aSchool management and organization
650 _aUnited States -- System analysis
650 _aAdministration Universities and colleges
650 _aBusiness management systems analysis
942 _2ddc
_cBK
999 _c19043
_d19043